Southville International School and Colleges
Your cart is empty.
  • Cart
  • Lists
    Public lists Eva Luna New books Lux_list list_1
    Your lists Log in to create your own lists
  • Log in to your account
  • Your cookies
  • Search history
Southville International School and Colleges
  • Advanced search
  • Recent comments
  • Most popular
  • Libraries

Log in to your account

Log in with GOOGLE


If you do not have an external account, but do have a local account, you can still log in:

  1. Home
  2. MARC view: Diabetes & carb counting /
Normal view MARC view ISBD view

Diabetes & carb counting / (Record no. 357839)

[ view plain ]
MARC details
000 -LEADER
fixed length control field 00700nam a2200265Ia 4500
008 - FIXED-LENGTH DATA ELEMENTS--GENERAL INFORMATION
fixed length control field 180523s9999 xx 000 0 und d
020 ## - INTERNATIONAL STANDARD BOOK NUMBER
International Standard Book Number 978-1-119-31564-3
050 ## - LIBRARY OF CONGRESS CALL NUMBER
Classification number MAIN RC 662
050 ## - LIBRARY OF CONGRESS CALL NUMBER
Item number .S53 2017
100 ## - MAIN ENTRY--PERSONAL NAME
Personal name Shafer, Sherri.
245 #0 - TITLE STATEMENT
Title Diabetes & carb counting /
245 #0 - TITLE STATEMENT
Statement of responsibility, etc Sherri Shafer.
260 ## - PUBLICATION, DISTRIBUTION, ETC. (IMPRINT)
Place of publication, distribution, etc New Jersey :
260 ## - PUBLICATION, DISTRIBUTION, ETC. (IMPRINT)
Name of publisher, distributor, etc John Wiley & Sons,
260 ## - PUBLICATION, DISTRIBUTION, ETC. (IMPRINT)
Date of publication, distribution, etc 2017
300 ## - PHYSICAL DESCRIPTION
Extent 384 pages :
300 ## - PHYSICAL DESCRIPTION
Other physical details illustrations ;
300 ## - PHYSICAL DESCRIPTION
Dimensions 24 cm.
440 ## - SERIES STATEMENT/ADDED ENTRY--TITLE
Title For Dummies
500 ## - GENERAL NOTE
General note Includes index
650 ## - SUBJECT ADDED ENTRY--TOPICAL TERM
Topical term or geographic name as entry element Diabetes -- Diet therapy.
650 ## - SUBJECT ADDED ENTRY--TOPICAL TERM
Topical term or geographic name as entry element Food -- Carbohydrate content.
650 ## - SUBJECT ADDED ENTRY--TOPICAL TERM
General subdivision Carbohydrates.
650 ## - SUBJECT ADDED ENTRY--TOPICAL TERM
General subdivision Diabetes -- Nutritional aspects.
Holdings
Withdrawn status Lost status Damaged status Home library Current library Shelving location Date acquired Cost, normal purchase price Total Checkouts Full call number Barcode Date last seen Price effective from Koha item type
      South Mansfield College South Mansfield College   01/30/2018 1.00   MAIN RC 662 .S53 2017 SMC06125 05/23/2018 05/23/2018 Books

Diabetes & carb counting /

APA

Shafer S., .Diabetes & carb counting. New Jersey: .

Chicago

Shafer Sherri, .Diabetes & carb counting. New Jersey: .

Harvard

Shafer S., .Diabetes & carb counting. New Jersey: .

MLA

Shafer Sherri, .New Jersey: . .

  • Place hold
  • Print
  • Cite
  • Add to your cart (remove)
  • Save record
    BIBTEX Dublin Core MARCXML MARC (non-Unicode/MARC-8) MARC (Unicode/UTF-8) MARC (Unicode/UTF-8, Standard) MODS (XML) RIS
  • More searches
    Search for this title in:
    Other Libraries (WorldCat) Other Databases (Google Scholar) Online Stores (Bookfinder.com) Open Library (openlibrary.org)

Exporting to Dublin Core...

SOUTHVILLE LIBRARY

Southville International School and Colleges Library

1281 Tropical Ave. Cor. Luxembourg St., BF Homes International, Las Pinas City

Tel. No. 8256374 / 252358 Loc. 117/146

Powered by Koha